Подробности
| 000 -МАРКЕР |
| контрольное поле |
02258nam0a2200409 4500 |
| 001 - ИДЕНТИФИКАТОР ЗАПИСИ |
| контрольное поле |
RU\NLR\bibl\983575 |
| 005 - ИДЕНТИФИКАТОР ВЕРСИИ |
| контрольное поле |
20250614215148.0 |
| 010 ## - МЕЖДУНАРОДНЫЙ СТАНДАРТНЫЙ НОМЕР КНИГИ (ISBN) |
| Номер (ISBN) |
5-7677-0912-2 |
| Тираж |
500 |
| 021 ## - НОМЕР ГОСУДАРСТВЕННОЙ РЕГИСТРАЦИИ |
| Код страны |
Российская Федерация |
| Номер |
2006-42194 |
| Номер Листа государственной регистраци |
2108 |
| 035 ## - ДРУГИЕ СИСТЕМНЫЕ НОМЕРА |
| Идентификатор записи |
(nilc)RSL-KNO-002910150 |
| 035 ## - ДРУГИЕ СИСТЕМНЫЕ НОМЕРА |
| Идентификатор записи |
(NLR Aleph) 000971453 |
| 100 ## - ДАННЫЕ ОБЩЕЙ ОБРАБОТКИ |
| Данные общей обработки |
20060731d2006 |||y0rusy50 ca |
| 101 0# - ЯЗЫК РЕСУРСА |
| Язык текста, звукозаписи и т.д. |
русский |
| 102 ## - СТРАНА ПУБЛИКАЦИИ ИЛИ ПРОИЗВОДСТВА |
| Страна публикации |
Российская Федерация |
| 105 ## - ПОЛЕ КОДИРОВАННЫХ ДАННЫХ: ТЕКСТОВЫЕ МАТЕРИАЛЫ, МОНОГРАФИЧЕСКИЕ |
| Кодированные данные о монографическом текстовом документе |
a ||||||||| |
| 106 ## - ПОЛЕ КОДИРОВАННЫХ ДАННЫХ: ТЕКСТОВЫЕ РЕСУРСЫ – ФОРМА |
| Форма ресурса: кодированные данные: обозначение носителя |
r |
| 200 1# - ЗАГЛАВИЕ И СВЕДЕНИЯ ОБ ОТВЕТСТВЕННОСТИ |
| Основное заглавие |
Прогнозирование конкурентоспособности продукции в региональной социально-экономической системе |
| Первые сведения об ответственности |
В.Н. Чайников |
| Последующие сведения об ответственности |
М-во образования и науки Рос. Федерации, Федер. агентство по образованию, Федер. гос. образоват. учреждение высш. проф. образования "Чуваш. гос. ун-т им. И.Н. Ульянова" |
| 210 ## - ПУБЛИКАЦИЯ, РАСПРОСТРАНЕНИЕ И ДР. |
| Место издания, распространения и т.д. |
Чебоксары |
| Имя издателя, распространителя и т. д. |
Изд-во Чувашского университета |
| Дата издания, распространения и т.д. |
2006 |
| 215 ## - ФИЗИЧЕСКАЯ ХАРАКТЕРИСТИКА |
| Специфическое обозначение материала и объем |
149 с. |
| Другие сведения о физической характеристике |
ил., табл. |
| Размеры |
21 |
| 320 ## - ПРИМЕЧАНИЯ О НАЛИЧИИ В ДОКУМЕНТЕ БИБЛИОГРАФИИ / УКАЗАТЕЛЯ |
| Текст примечания |
Библиогр.: с. 142-145 (71 назв.) |
| 606 1# - НАИМЕНОВАНИЕ ТЕМЫ КАК ПРЕДМЕТ |
| Наименование темы |
Продукция |
| Тематический подзаголовок |
Конкурентоспособность |
| Системный номер авторитетной/нормативной записи |
2127582 |
| Идентификатор авторитетной/нормативной записи |
RU\NLR\auth\661284011 |
| 610 0# - НЕКОНТРОЛИРУЕМЫЕ ПРЕДМЕТНЫЕ ТЕРМИНЫ |
| Предметный термин |
Экономика -- Российская Федерация -- Промышленность -- Продукция -- Качество -- Конкурентоспособность |
| 610 0# - НЕКОНТРОЛИРУЕМЫЕ ПРЕДМЕТНЫЕ ТЕРМИНЫ |
| Предметный термин |
Экономика -- Российская Федерация -- Чувашская Республика -- Промышленность -- Продукция -- Качество -- Конкурентоспособность |
| 610 0# - НЕКОНТРОЛИРУЕМЫЕ ПРЕДМЕТНЫЕ ТЕРМИНЫ |
| Предметный термин |
конкурентоспособность продукции |
| 610 0# - НЕКОНТРОЛИРУЕМЫЕ ПРЕДМЕТНЫЕ ТЕРМИНЫ |
| Предметный термин |
конкурентоспособность региона |
| 686 ## - ИНДЕКСЫ ДРУГИХ КЛАССИФИКАЦИЙ |
| Индекс |
У9(2)301-823.2-13,0 |
| Код системы |
|
| 686 ## - ИНДЕКСЫ ДРУГИХ КЛАССИФИКАЦИЙ |
| Индекс |
У9(2Р-6Чу)301-823.2-13,0 |
| Код системы |
|
| 686 ## - ИНДЕКСЫ ДРУГИХ КЛАССИФИКАЦИЙ |
| Индекс |
У9(2)-13(2Р) |
| 700 #1 - ИМЯ ЛИЦА - ПЕРВИЧНАЯ ОТВЕТСТВЕННОСТЬ |
| Начальный элемент ввода |
Чайников |
| Часть имени, кроме начального элемента ввода |
В. Н. |
| Расширение инициалов личного имени |
Валерий Николаевич |
| Код отношения |
Автор |
| 801 #0 - ИСТОЧНИК ЗАПИСИ |
| Страна |
Российская Федерация |
| Организация |
РКП |
| Дата составления |
20060731 |
| Правила каталогизации |
rcr |
| 801 #1 - ИСТОЧНИК ЗАПИСИ |
| Страна |
Российская Федерация |
| Организация |
РГБ |
| Дата составления |
20060731 |
| 801 #2 - ИСТОЧНИК ЗАПИСИ |
| Страна |
Российская Федерация |
| Организация |
NLR |
| Дата составления |
20060913 |
| Правила каталогизации |
rcr |
| 942 ## - ДОПОЛНИТЕЛЬНЫЕ ЭЛЕМЕНТЫ ЗАПИСИ (АБИС) |
| Тип экземпляра АБИС |
Книга |
| 980 ## - КОЛЛЕКЦИЯ |
| Название коллекции |
Национальная библиография |
| 980 ## - КОЛЛЕКЦИЯ |
| Название коллекции |
НБР |